Ohio State Football Quiz - Statistics

General Stats
  • This quiz has been taken 512 times
  • The average score is 9 of 14
Answer Stats
Hint Answer % Correct
What is the name of the "TeaX up North"? Michigan
92%
Ohio State's last Championship? 2014
83%
The Ohio State________________? Buckeyes
83%
How many National Championships in Total? 8
79%
Who is the only player to win 2 Heisman Trophies? Archie Griffin
78%
Last time Michigan beat Ohio State? 2011
69%
What is the Nickname for OSU's Stadium? The Horse shoe
69%
OSU QB that won Heisman in 2006? Troy Smith
58%
Ohio State Head Coach that punched a Clemson player? Woody Hayes
57%
Ohio State Runningback that made a Madden Cover in 2001 Eddie George
55%
Who is Ohio States Leading Passer of all time? JT Barrett
45%
Famous Ohio State Lineman that was in the Heisman race in 1996? Orlando Pace
43%
What year was Ohio State Football started? 1890
38%
This OSU QB switched to and became a star receiver in the NFL, now playing for Redskins? Terrelle Pryor Sr.
4%
No matching quizzes found
Score Distribution
Percent of People with Each Score
Percentile by Number Answered
Your Score History
You have not taken this quiz